|
|
|
|
| LEADER |
00000nab a2200000 a 4500 |
| 001 |
vtls000891154 |
| 003 |
SK-MaSNL |
| 005 |
20260302170633.0 |
| 008 |
040720e19960531xo 0 slo |
| 035 |
|
|
|a KE194
|
| 040 |
|
|
|a KEVKJB
|b slo
|c KEVKJB
|e AACR2
|
| 041 |
0 |
|
|a slo
|
| 044 |
|
|
|a xo
|c SK
|
| 080 |
|
|
|a 796.88
|2 1981
|
| 100 |
0 |
|
|a kg
|4 aut
|9 873366
|
| 245 |
1 |
0 |
|a Dobrá bilancia, nie ?
|b Osemčlenná výprava vzpieračov získala 16 medailí
|
| 611 |
1 |
7 |
|a majstrovstvá Slovenska
|2 KEVKJB
|9 873318
|
| 650 |
0 |
7 |
|a vzpieranie
|2 KEVKJB
|9 3253
|
| 650 |
0 |
7 |
|a výprava Košičanov
|2 KEVKJB
|9 873367
|
| 650 |
0 |
7 |
|a úspechy športové
|2 KEVKJB
|9 873251
|
| 651 |
|
7 |
|a Košice (Slovensko)
|2 KEVKJB
|9 18694
|
| 773 |
0 |
8 |
|t Košický večer
|g Roč. 7
|g Roč. 28, č.106, 31.5.1996, s. 6
|
| 852 |
|
|
|a ZVYKNI
|b KIS3GCP
|
| 999 |
|
|
|c 1393421
|d 1395351
|